000 00391nam a22001577a 4500
005 20251108170622.0
008 250721s1980 xx 000 0 eng d
082 1 4 _aj/f/rio
100 1 _ariordan, james
245 1 4 _athe secret castle /
264 1 _alondon :
_bmacdona Id educational,
_c1980.
300 _a28 p : ill
650 1 7 _aenglish fiction
942 _2ddc
_cBK
999 _c44947
_d44947